000 00699nam a22002057a 4500
999 _c12768
_d12768
003 AR-CdUCM
008 190410b ||||| |||| 00| 0 spa d
040 _aMUNICIPALIDAD PROVINCIAL DEL CUSCO
_cBIBLIOTECA MUNICIPAL DEL CUSCO
082 _a869.56 /
_bA71
100 _aArias Larreta, Abraham
_914825
245 _aEl cholo Puma Irayta /
260 _aBuenos Aires :
_bIndoamérica,
_c1974.
300 _a152 páginas ;
_c17 cm.
440 _aBiblioteca del nuevo mundo ;
_930818
505 _aContenido: Testimonio social en verso -- Campo de concentración "El frontón" ...
650 _aPoesías peruanas
_91481
650 _aSiglo XX.
_98
942 _2ddc
_cLIBROS
945 _aacv
_d2019-04-10